Foals Songs (Updated) - Statistics

General Stats
  • This quiz has been taken 16 times
  • The average score is 31 of 73
Answer Stats
Album # Track % Correct
2 The runner
91%
3 Total life forever
91%
What Went Down 1 What went down
91%
2 Mountain at my gates
82%
3 2 am
73%
4 Black bull
73%
2 Cassius
73%
Life Is Yours 1 Life is yours
73%
3 My number
73%
4 2001
64%
2 Inhaler
64%
4 Olympic airways
64%
6 On the luna
64%
4 Spanish sahara
64%
9 Sunday
64%
3 White onions
64%
3 Birch tree
55%
4 In degrees
55%
9 Into the surf
55%
10 Neptune
55%
Antidotes 1 The french open
55%
5 This orient
55%
9 2 Trees
45%
6 Balloons
45%
9 Big big love (Fig.2)
45%
Total Life Forever 1 Blue blood
45%
5 Like lightning
45%
8 London thunder
45%
2 Miami
45%
8 Milk & black spiders
45%
3 Red socks pugie
45%
6 Snake oil
45%
5 Syrups
45%
8 Two steps, twice
45%
2 Wake me up
45%
3 Wash off
45%
8 10,000 feet
36%
10 A knife in the ocean
36%
5 Albatross
36%
7 Cafe d'Athens
36%
6 Dreaming of
36%
9 Lonely hunter
36%
11 Moon
36%
Everything Not Saved Will Be Lost Part I 1 Moonlight
36%
7 Out of the woods
36%
Holy Fire 1 Prelude
36%
9 Providence
36%
Everything Not Saved Will Be Lost Part II 1 Red desert
36%
10 Stepson
36%
5 (Summer sky)
36%
8 Under the radar
36%
7 After glow
27%
4 Bad habit
27%
9 Crest of the wave
27%
6 Flutter
27%
6 Fugue
27%
10 I'm done with the world (& it's done with me)
27%
8 Surf, Pt. 1
27%
11 Wild green
27%
8 Alabaster
18%
5 Electric bloom
18%
5 Everytime
18%
2 Exists
18%
4 Give it all
18%
7 Heavy water
18%
6 Late night
18%
10 Like swimming
18%
7 Night swimmers
18%
11 Tron
18%
10 What remains
18%
7 Ikaria
9%
7 Looking high
9%
10 The sound
9%
No matching quizzes found
Score Distribution
Percent of People with Each Score
Percentile by Number Answered
Your Score History
You have not taken this quiz